000 00897nas a2200289 4500
001 BR0601798
003 BR-BrBNA
005 20231205105950.0
007 ta
008 230509b bl.|||p| |||| 00| 00por d
040 _aBR-BrBNA
_bpor
_cBiblioteca Nacional de Agricultura
041 _a(Pt)
072 _aF04
100 1 _aBroch, D.L.
100 1 _aFernandes, C.H.
245 1 _aEfeito da adubação de plantio e de cobertura na produtividade do milho safrinha
650 _aMILHO
650 _aGRÃO
650 _aADUBAÇÃO
650 _aPRODUTIVIDADE
650 _aANÁLISE FOLIAR
650 _aANÁLISE DO SOLO
650 _aCOBERTURA DO SOLO
773 0 _tInformações Agronômicas - Associação Brasileira para Pesquisa da Potassa e do Fosfato (Brazil)
_xISSN
_g(Mar 2000), (no. 89) p. 1-3
_wBR0601798
909 _a202311
_bLúcia
_c55
_dLúcia Elande
942 _2AGRIS
_n0
_cANA
999 _c185588
_d185588